[Event "GER-ch Youth-A"]
[Site "Willingen"]
[Date "2022.06.09"]
[Round "7"]
[White "Scherer, Josua"]
[Black "Brockmeyer, Tobias"]
[Result "0-1"]
[WhiteElo "1856"]
[BlackElo "1936"]
[PlyCount "76"]
[EventDate "2022.06.04"]
[EventType "swiss"]
[EventRounds "9"]
[EventCountry "GER"]
[SourceTitle "CBM 208 Extra"]
[Source "ChessBase"]
[SourceDate "2022.07.31"]
[SourceVersion "1"]
[SourceVersionDate "2022.07.31"]
[SourceQuality "1"]

1. e4 e6 2. d4 d5 3. Nd2 c5 4. exd5 Qxd5 5. Ngf3 cxd4 6. Bc4 Qd7 7. 0-0 Nf6 8. Nb3 Nc6 9. Re1 Bb4 10. Bd2 Bxd2 11. Qxd2 0-0 12. Rad1 Qc7 13. Nbxd4 Nxd4 14. Qxd4 Bd7 15. Bb3 Bc6 16. Qe5 Rac8 17. Qxc7 Rxc7 18. Ne5 Bd5 19. c4 Bc6 20. Rd6 Rfc8 21. Red1 Kf8 22. f3 Ke7 23. Kf2 a5 24. R1d2 a4 25. Bd1 Bd5 26. R6xd5 exd5 27. cxd5 Kd6 28. Nd3 Rc4 29. b3 axb3 30. Bxb3 R4c7 31. Nb4 Nd7 32. Nc2 Nc5 33. Bc4 Ne4+ 34. fxe4 Rxc4 35. Nd4 Ke5 36. Ke3 Rc3+ 37. Rd3 Rxd3+ 38. Kxd3 Ra8 0-1

[Event "GER-ch Youth-A"]
[Site "Willingen"]
[Date "2022.06.05"]
[Round "1"]
[White "Scherer, Josua"]
[Black "Bartelt, Max Peter"]
[Result "0-1"]
[WhiteElo "1856"]
[BlackElo "1959"]
[PlyCount "134"]
[EventDate "2022.06.04"]
[EventType "swiss"]
[EventRounds "9"]
[EventCountry "GER"]
[SourceTitle "CBM 208 Extra"]
[Source "ChessBase"]
[SourceDate "2022.07.31"]
[SourceVersion "1"]
[SourceVersionDate "2022.07.31"]
[SourceQuality "1"]

1. e4 e6 2. d4 d5 3. Nd2 Nf6 4. e5 Nfd7 5. Bd3 c5 6. c3 Nc6 7. Ne2 cxd4 8. cxd4 Qb6 9. Nf3 f6 10. exf6 Nxf6 11. 0-0 Bd6 12. Nc3 0-0 13. h3 Bd7 14. Re1 Rae8 15. Be3 Ne7 16. Ne5 Bc6 17. Nxc6 bxc6 18. Na4 Qc7 19. Rc1 Nf5 20. Nc5 Nxe3 21. Rxe3 e5 22. dxe5 Bxe5 23. Re2 Qd6 24. Rec2 Bh2+ 25. Kh1 Bf4 26. Rb1 Re7 27. Be2 Rfe8 28. Bf3 Be5 29. Nd3 Bd4 30. b4 Nd7 31. Re2 Rxe2 32. Bxe2 Ne5 33. Qc2 Qg6 34. Rc1 Nc4 35. Qd1 Qg5 36. Bf3 Qh4 37. Rc2 Bb6 38. b5 cxb5 39. Bxd5+ Kh8 40. Qf3 Qd4 41. Qf7 Nd6 42. Re2 Rd8 43. Qf3 Qf6 44. Qh5 g6 45. Qg4 Qf5 46. Ne5 Qxg4 47. hxg4 Kg7 48. Nd3 Re8 49. Rc2 Ne4 50. g3 Nf6 51. Bf3 Rd8 52. Ne5 Rd4 53. Nc6 Ra4 54. Be2 Nxg4 55. Bxb5 Ra3 56. Kg2 Bxf2 57. Rxf2 Nxf2 58. Kxf2 Rxa2+ 59. Ke3 Kf6 60. Bd3 a5 61. Kd4 h5 62. Be4 Kg5 63. Ne5 Ra4+ 64. Ke3 Ra3+ 65. Kf2 Ra2+ 66. Ke3 Rb2 67. Bxg6 Rb5 0-1

[Event "Pfalz op-B 11th"]
[Site "Neustadt an der Weinstrasse"]
[Date "2020.02.24"]
[Round "7"]
[White "Doll, Rebecca"]
[Black "Scherer, Josua"]
[Result "1-0"]
[WhiteElo "1727"]
[BlackElo "1791"]
[PlyCount "97"]
[EventDate "2020.02.21"]
[EventType "swiss"]
[EventRounds "7"]
[EventCountry "GER"]
[SourceTitle "CBM 195 Extra"]
[Source "ChessBase"]
[SourceDate "2020.05.31"]
[SourceVersion "1"]
[SourceVersionDate "2020.05.31"]
[SourceQuality "1"]

1. e4 e5 2. Nf3 Nc6 3. Bc4 Bc5 4. 0-0 Nf6 5. d3 0-0 6. Nbd2 d5 7. exd5 Nxd5 8. Re1 Bg4 9. h3 Bh5 10. g4 Bg6 11. Nxe5 Nxe5 12. Rxe5 c6 13. Qf3 Bd6 14. Re1 Kh8 15. Ne4 Bc7 16. Ng3 f5 17. Bxd5 fxg4 18. Qxg4 Qxd5 19. Re3 Rf6 20. Bd2 Raf8 21. Rf1 Bf5 22. Qh5 Rh6 23. Re8 Rhf6 24. Rxf8+ Rxf8 25. Nxf5 Qxf5 26. Qxf5 Rxf5 27. Re1 Re5 28. Rxe5 Bxe5 29. c3 Kg8 30. Kg2 Kf7 31. Kf3 Ke6 32. Ke4 g6 33. d4 Bd6 34. c4 b5 35. b3 a6 36. d5+ Kd7 37. Be3 bxc4 38. bxc4 cxd5+ 39. Kxd5 Bh2 40. c5 Kc7 41. Bd2 Bg1 42. f3 Bh2 43. Ba5+ Kd7 44. c6+ Ke7 45. Bb4+ Kd8 46. Bd6 Bg1 47. Ke6 Be3 48. f4 Bd2 49. Kf6 1-0

[Event "Pfalz-ch HT3 86th"]
[Site "Wolfstein"]
[Date "2017.04.07"]
[Round "1"]
[White "Scherer, Josua"]
[Black "Kuwatli, Ammar"]
[Result "0-1"]
[WhiteElo "1413"]
[BlackElo "1802"]
[PlyCount "76"]
[EventDate "2017.04.07"]
[EventType "swiss"]
[EventRounds "7"]
[EventCountry "GER"]
[SourceTitle "EXT 2018"]
[Source "ChessBase"]
[SourceDate "2017.10.13"]
[SourceVersion "1"]
[SourceVersionDate "2017.10.13"]
[SourceQuality "1"]

1. e4 g6 2. d4 d6 3. Nf3 c6 4. c4 Nf6 5. Qc2 Bg7 6. Be2 Qb6 7. 0-0 Nbd7 8. b3 0-0 9. Bb2 d5 10. Nc3 Nxe4 11. Nxe4 dxe4 12. Qxe4 Nf6 13. Qc2 Nh5 14. Rfe1 Nf4 15. Qd2 Bh6 16. Kh1 Kg7 17. Qc3 Bg4 18. Ba3 Rae8 19. Rad1 f6 20. h3 Bc8 21. Bd3 Qc7 22. d5 cxd5 23. Qb4 e5 24. cxd5 Nxd5 25. Qc4 Qxc4 26. Bxc4 Ne7 27. Bb5 a6 28. Bxe8 Rxe8 29. g4 b5 30. Kg2 Bf4 31. Rd3 Kf7 32. Nd2 f5 33. Rc1 e4 34. Rd4 Be5 35. Rb4 Nd5 36. gxf5 gxf5 37. Nxe4 Nxb4 38. Ng5+ Kg6 0-1